Vulnerable Animals - Statistics

General Stats
  • This quiz has been taken 55 times
    45 since last reset
  • The average score is 18 of 24
Answer Stats
Picture Hint Answer % Correct
Fastest animal on land Cheetah
100%
Was formerly an endangered species Giant Panda
91%
Possibly made up of four different species Giraffe
91%
Name means "river horse" Hippopotamus
91%
Lives in India and Nepal Indian Rhinoceros
91%
Eats eucalyptus leaves Koala
91%
One of the smallest big cats Leopard
91%
King of the beasts Lion
91%
Largest bear species Polar Bear
91%
Big seal with ivory tusks Walrus
91%
Goes by two names, pulls Santa's sleigh Caribou
86%
Lives in South America South American Tapir
82%
Also called a sea cow West Indian Manatee
82%
Has two relatives that live in the Pacific Atlantic Puffin
77%
Would rather eat seals than people Great White Shark
77%
Largest venomous snake King Cobra
77%
Hedwig from Harry Potter Snowy Owl
77%
Not a baboon Mandrill
64%
Largest sea turtle Leatherback Turtle
59%
National bird of several South American countries Andean Condor
55%
Largest macaw species Hyacinth Macaw
55%
What Tamatoa was in Moana Coconut Crab
50%
Only crocodile species native to the United States American Crocodile
41%
Nose resembles a domestic bovine Cownose Ray
27%
No matching quizzes found
Score Distribution
Percent of People with Each Score
Percentile by Number Answered
Your Score History
You have not taken this quiz since the last reset